000
00465nam a2200181Ia 4500
008
090123s9999 xx 000 0 und d
082
_b
148
100
_a
भावे पु. भा.
245
_a
ध्यास
250
_a
1
260
_b
पाटणकर ग.रा.
300
_a
169
600
_a
भावे पु. भा.
630
_a
ध्यास
700
_a
भावे पु. भा.
730
_a
ध्यास
942
_c
BOOK
999
_c
38236
_d
38236